| 000 | 01215naa a22002897a 4500 | ||
|---|---|---|---|
| 001 | BR8800527 | ||
| 003 | BR-BrBNA | ||
| 005 | 20250721154550.0 | ||
| 007 | ta | ||
| 008 | 250630b bl.|||m| |||| 00| 0 por d | ||
| 040 |
_aBR-BrBNA _bpor _cBiblioteca Nacional de Agricultura |
||
| 041 | _a(Pt) | ||
| 072 |
_aP06; E14 _b8961 _bG514 |
||
| 090 | _aP06 BR8800527 | ||
| 110 | 1 |
_aFundacao Joao Pinheiro, Belo Horizonte, MG (Brasil) _94974 |
|
| 111 | 1 |
_a1. Seminario de Tecnologia Industrial de Producao de Alcool _cCampinas, SP (Brazil) _dAug 1984 |
|
| 245 | 1 | _aPossibilidades de producao para a extensao da safra canavieira. 2. Parte: Areas tradicionais de Rio e Sao Paulo | |
| 500 | _a1. Seminario de Tecnologia Industrial de Producao de Alcool Brasilia, DF (Brasil): 1985. p. 269-338 [34 tables; 8 ref.] (BR8800527-AMS) | ||
| 773 | 0 |
_t1. Seminario de Tecnologia Industrial de Producao de Alcool _wP06 BR8800527 _gBrasilia, DF (Brasil), 1985. p. 269-338 |
|
| 650 | _aALCOOL | ||
| 650 | _aPRODUCAO | ||
| 650 | _aDESENVOLVIMENTO ECONOMICO | ||
| 650 | _aSAO PAULO | ||
| 490 |
_aDocumentos - Secretaria de Tecnologia Industrial (Brazil) _vno. 24 |
||
| 942 |
_cAMS _2AGRIS |
||
| 909 |
_a202506 _bLúcia _c55 _dLúcia Elande |
||
| 999 |
_c335694 _d335694 |
||